01071cam a2200313 a 45000010005000000030006000050050017000110080041000280100017000690200015000860200018001010400023001190420009001420500023001510820014001741000024001882450038002122600038002503000024002885050007003125200246003195210019005655210019005846500024006036500024006276500025006516500030006767100051007063952FISKH20240527153041.0860207s1986 nyu j 000 1 eng  a 86002679  a0899194397 a9780547722405 aDLCbengcDLCdDLC alcac00aPZ7.B3262bOn 198600a[Fic]2191 aBauer, Marion Dane.10aOn my honor /cMarion Dane Bauer. aNew York :bClarion Books,c1986. a90 pages : c20 cm  aR  aWhen his best friend drowns while they are both swimming in a treacherous river that they had promised never to go near, Joel is devastated and terrified at having to tell both sets of parents the terrible consequences of their disobedience.8 a750 bLexile 8 aR bRaz-Plus  1aObediencevFiction. 1aAccidentsvFiction. 1aFriendshipvFiction. 1aConduct of lifevFiction.2 aJuvenile Collection (Library of Congress)5DLC